Statystyki dla Flagi Światowe z tylko Dwoma Kolorami

Kliknij tutaj aby rozwiązać quiz!

Ogólne statystyki

  • Ten quiz został rozwiązany 4 363 razy
    (1 611 od ostatniego zresetowania)
  • Średni wynik to 16 z 37

Statystyki odpowiedzi

country% Poprawnych
Polska
98%
Ukraina
85%
Monako
84%
Indonezja
82%
Szwecja
64%
Albania
62%
Chiny
62%
Finlandia
62%
Japonia
62%
Katar
56%
Dania
55%
Kanada
55%
Łotwa
50%
Austria
48%
Turcja
48%
Grecja
46%
Bahrajn
41%
Maroko
41%
Arabia Saudyjska
39%
Pakistan
39%
Szwajcaria
38%
Bangladesz
37%
Kazachstan
36%
Tunezja
35%
Wietnam
33%
Nigeria
31%
Izrael
28%
Singapur
28%
Palau
27%
Gruzja
23%
Macedonia
23%
Somalia
21%
Honduras
20%
Kirgistan
19%
Mikronezja
15%
Tonga
13%
Grenlandia
11%

Rozkład punktacji

Percentyl według liczby udzielonych odpowiedzi

Procent ludzi z każdym wynikiem

Twoja historia wyników

Nie rozwiązałeś tego quizu od ostatniego zresetowania